<?xml version="1.0" encoding="UTF-8"?>
<record
    xmlns:xsi="http://www.w3.org/2001/XMLSchema-instance"
    xsi:schemaLocation="http://www.loc.gov/MARC21/slim http://www.loc.gov/standards/marcxml/schema/MARC21slim.xsd"
    xmlns="http://www.loc.gov/MARC21/slim">

  <leader>01953nam a2200313   4500</leader>
  <controlfield tag="001">205</controlfield>
  <controlfield tag="003">OSt</controlfield>
  <controlfield tag="005">20250528074014.0</controlfield>
  <controlfield tag="008">250203b        |||||||g |||| 00| 1 eng d</controlfield>
  <datafield tag="020" ind1=" " ind2=" ">
    <subfield code="a">8573022531</subfield>
  </datafield>
  <datafield tag="040" ind1=" " ind2=" ">
    <subfield code="b">por</subfield>
  </datafield>
  <datafield tag="041" ind1=" " ind2=" ">
    <subfield code="h">eng</subfield>
    <subfield code="a">por</subfield>
  </datafield>
  <datafield tag="082" ind1=" " ind2=" ">
    <subfield code="a">891.4</subfield>
    <subfield code="b">D618i</subfield>
  </datafield>
  <datafield tag="100" ind1=" " ind2=" ">
    <subfield code="a">Divakaruni, Chitra</subfield>
    <subfield code="d">1956-</subfield>
    <subfield code="9">382</subfield>
  </datafield>
  <datafield tag="240" ind1=" " ind2=" ">
    <subfield code="a">Sister of my heart</subfield>
  </datafield>
  <datafield tag="245" ind1=" " ind2=" ">
    <subfield code="a">Irm&#xE3; do meu cora&#xE7;&#xE3;o /</subfield>
    <subfield code="c">Divakaruni, Chitra ; Tradu&#xE7;&#xE3;o de Adalgisa Campos da Silva</subfield>
  </datafield>
  <datafield tag="260" ind1=" " ind2=" ">
    <subfield code="a">Rio de Janeiro</subfield>
    <subfield code="b">Objetiva</subfield>
    <subfield code="c">2001</subfield>
  </datafield>
  <datafield tag="300" ind1=" " ind2=" ">
    <subfield code="a">408 p.</subfield>
  </datafield>
  <datafield tag="520" ind1=" " ind2=" ">
    <subfield code="a">Anju e Sudha s&#xE3;o irm&#xE3;s do cora&#xE7;&#xE3;o. Anju &#xE9; filha de ilustre fam&#xED;lia de uma casta alta de Calcut&#xE1;. Sudha &#xE9; filha da ovelha negra desta fam&#xED;lia. Uma &#xE9; deslumbrante; a outra n&#xE3;o &#xE9; bonita. Apesar das diferen&#xE7;as, uma forte liga&#xE7;&#xE3;o surge entre as duas primas desde o dia de seu nascimento. Esse v&#xED;nculo profundo &#xE9; amea&#xE7;ado, contudo, quando Sudha descobre um terr&#xED;vel segredo de fam&#xED;lia. A palavra desconfian&#xE7;a pela primeira vez faz sentido para elas. Conduzidas a casamentos arranjados, suas vidas tomam rumos diferentes. Uma vai para os Estados Unidos; a outra fica na &#xCD;ndia. Somente quando uma grande trag&#xE9;dia as atinge, Sudha e Anju descobrem que, apesar da dist&#xE2;ncia, apesar do casamento, precisam estar juntas novamente.



Excepcionalmente bem escrito, IRM&#xC3; DO MEU CORA&#xC7;&#xC3;O &#xE9; uma narrativa po&#xE9;tica e apaixonante sobre afetos e &#xF3;dios, ci&#xFA;mes e desejos _ os mist&#xE9;rios que envolvem as emo&#xE7;&#xF5;es humanas em qualquer parte do mundo. Poeta e ficcionista premiada, Chitra Divakaruni confirma, com esse romance, ser uma h&#xE1;bil e sens&#xED;vel cart&#xF3;grafa dos caminhos do cora&#xE7;&#xE3;o.</subfield>
  </datafield>
  <datafield tag="650" ind1=" " ind2="0">
    <subfield code="a">Literatura indiana</subfield>
    <subfield code="9">383</subfield>
  </datafield>
  <datafield tag="650" ind1=" " ind2="0">
    <subfield code="a">Amor e Paix&#xE3;o</subfield>
    <subfield code="9">25</subfield>
  </datafield>
  <datafield tag="650" ind1=" " ind2="0">
    <subfield code="a">Familia</subfield>
    <subfield code="9">35</subfield>
  </datafield>
  <datafield tag="650" ind1=" " ind2="0">
    <subfield code="a">Outras Culturas</subfield>
    <subfield code="9">384</subfield>
  </datafield>
  <datafield tag="650" ind1=" " ind2="0">
    <subfield code="a">Emponderamento </subfield>
    <subfield code="9">32</subfield>
  </datafield>
  <datafield tag="655" ind1=" " ind2="0">
    <subfield code="a">Romance</subfield>
    <subfield code="9">23</subfield>
  </datafield>
  <datafield tag="655" ind1=" " ind2="0">
    <subfield code="a">Fic&#xE7;&#xE3;o </subfield>
    <subfield code="9">22</subfield>
  </datafield>
  <datafield tag="700" ind1=" " ind2=" ">
    <subfield code="a">Adalgisa Campos da Silva</subfield>
    <subfield code="e">Tradutor</subfield>
    <subfield code="9">385</subfield>
  </datafield>
  <datafield tag="942" ind1=" " ind2=" ">
    <subfield code="2">ddc</subfield>
    <subfield code="n">0</subfield>
    <subfield code="c">BK</subfield>
  </datafield>
  <datafield tag="952" ind1=" " ind2=" ">
    <subfield code="0">0</subfield>
    <subfield code="1">0</subfield>
    <subfield code="2">ddc</subfield>
    <subfield code="4">0</subfield>
    <subfield code="7">0</subfield>
    <subfield code="8">FIC</subfield>
    <subfield code="a">BIBIB</subfield>
    <subfield code="b">BIBIB</subfield>
    <subfield code="c">LE</subfield>
    <subfield code="d">2002-08-27</subfield>
    <subfield code="e">doa&#xE7;&#xE3;o</subfield>
    <subfield code="l">0</subfield>
    <subfield code="o">891.4 / D618i</subfield>
    <subfield code="p">2025-0475</subfield>
    <subfield code="r">2025-01-31 07:47:58</subfield>
    <subfield code="w">2025-01-31</subfield>
    <subfield code="y">BK</subfield>
  </datafield>
  <datafield tag="999" ind1=" " ind2=" ">
    <subfield code="c">205</subfield>
    <subfield code="d">205</subfield>
  </datafield>
</record>
